000 00794nab a2200241 u 4500
001 11823
003 HDC
007 cr bn ---aaaaa
008 210208b2015mmddmy d||no |||| 00| 0 eng d
040 _aHDC
245 0 _aUnlocking Potential Growth in Islamic Economies /
_cMSME News Network
260 _aMalaysia:
_bMalaysia SME,
_c2015
300 _a1 online resource
336 _atext
_2rdacontent
337 _acomputer
_2rdamedia
338 _aonline resource
_2rdacarrier
650 _aIslam
_xEconomic aspects
_91979
710 _aMSME News Network
856 _zRequest full-text at [email protected]
942 _2lcc
942 _cNEWS
942 _kNWSO 000701
999 _c9146
_d9146